東武越生線の駅 - Statistics

General Stats
  • This quiz has been taken 22 times
  • The average score is 7 of 8
Answer Stats
Hint Answer % Correct
TJ-47 越生
100%
TJ-26 坂戸
95%
TJ-41 一本松
95%
TJ-45 東毛呂
90%
TJ-42 西大家
80%
TJ-43 川角
80%
TJ-46 武州唐沢
75%
TJ-44 武州長瀬
70%
No matching quizzes found
Score Distribution
Percent of People with Each Score
Percentile by Number Answered
Your Score History
You have not taken this quiz